01761nam a22002057a 4500003000400000005001700004008004100021020001800062040001200080082001500092100001100107245003500118260003900153300001100192520129100203650001401494650001801508650001101526700001801537OSt20260424153154.0260424b |||||||| |||| 00| 0 eng d a9789353455217 cAACR-II a362.88 VIN aVinu P aCorpse collector: a true story aNew DelhibJugggernaut Booksc2026 a238 p. aIn India, an unnatural death – an accident, a suicide, a killing –turns a human body into something untouchable. The moment life leaves it, caste, fear and stigma turn the deceased into an abomination, an object no one will approach. Families recoil,neighbours avert their eyes and even those tasked with public duty step back. And into that silence walks Vinu. A professional corpse collector, Vinu P does what society refuses to do. With compassion that seems bottomless, he gathers shattered bodies from roadsides and canals, helps the police with inquests and post-mortems, and buries the unclaimed dead with dignity. He is the last witness to countless lives – and yet, for the people he serves, he remains invisible, shunned and expendable. This searing memoir – written by Vinu P and Niyas Kareem, and translated from the Malayalam with elegance and clarity by the acclaimed Ministhy S. – tells the story of a man who has spent his life among the dead but is most wounded by the living. A critically acclaimed bestseller in Malayalam, it is a portrait of cruelty, neglect, and the quiet heroism that survives despite both. A literary work of rare power, The Corpse Collector forces us to confront the bodies we refuse to see – and the humanity we abandon with them. aBiography aAutobiography aMemoir aKareem, Niyas